01004cam a2200241 4500001001300000003000400013005001700017008004100034010001700075040001900092043001200111050001800123051008600141110006400227245010200291246011200393260002200505300002900527510004800556650004400604650004200648710007200690ca 34000727 DLC20260227111131.0811211s1864 vau 000 0 eng  aca 34000727  aDLCcCarPdDLC an-us---00aE480.5b.C836 aE484b.C65cNo. 15 in a vol. with binder's title: C.S.A. Congress communications.1 aConfederate States of America.bDepartment of the Treasury.10aCommunication of Secretary of Treasury, Treasury Department, C.S.A., Richmond, November 23, 1864.1 iAt head of title:aHouse of Representatives, November 25, 1864, laid on the table and ordered to be printed a[Richmond,c1864] a1 sheet ([1] p.)c24 cm.4 aCrandall, M.L. Confederate imprints,c1101 0aFinancezConfederate States of America. 0aMoneyzConfederate States of America.2 aConfederate States of America Collection (Library of Congress)5DLC